Harry Potter Screenshot Match: The Sorcerer's Stone Quiz Stats

 Plays Quiz Updated Sep 2, 2018

Challenge
Share
Tweet
Score 0/16 Timer 06:00
2 Plays Today
% Correct
Or worse, expelled
96.2%
We're going to need another feather
93.6%
Walk straight at the wall
92.9%
The wand chooses the wizard
92.8%
Last year I had 37
92.6%
Clearly, fame isn't everything
92.4%
You're a wizard, Harry
91.6%
Oculus Reparo
91.6%
% Correct
There's no such thing as magic
91.3%
There are ways he can return
88.9%
Plenty of courage I see
87.4%
I should not have said that
84.6%
I can tell the wrong sort for myself
83.1%
Harry Potter has come to Hogwarts
79.5%
No dear boy, I tried to kill you
78.6%
Harry Potter, we meet again
77.4%

You're not logged in!

Compare scores with friends on all Sporcle quizzes.
Join for Free
OR
Log In

You Might Also Like...

Show Comments

Extras

Top Quizzes Today


Score Distribution

Your Account Isn't Verified!

In order to create a playlist on Sporcle, you need to verify the email address you used during registration. Go to your Sporcle Settings to finish the process.

Report this User

Report this user for behavior that violates our Community Guidelines.

Details: